Fundamental Accounting Principles. (Record no. 1299)

MARC details
005 - DATE AND TIME OF LATEST TRANSACTION
control field 20250410165937.0
020 ## - INTERNATIONAL STANDARD BOOK NUMBER
International Standard Book Number 0-25606823-2
082 ## - DEWEY DECIMAL CLASSIFICATION NUMBER
Classification number 657 LAR
100 ## - MAIN ENTRY--PERSONAL NAME
Author name LARSON, K. D.
245 ## - TITLE STATEMENT
Title Fundamental Accounting Principles.
250 ## - EDITION STATEMENT
Edition statement 11th Ed.
260 ## - PUBLICATION, DISTRIBUTION, ETC.
Place of publication, distribution, etc. Homewood,
Name of publisher, distributor, etc. Richard D. Irwin,
Date of publication, distribution, etc. 1988.
300 ## - PHYSICAL DESCRIPTION
Extent xxxi, 1076p.: Ill.; figures
Other physical details Index
Dimensions 25cm.
700 ## - ADDED ENTRY--PERSONAL NAME
Other authors/Editors PYLE, W.W.
942 ## - ADDED ENTRY ELEMENTS (KOHA)
Source of classification or shelving scheme Dewey Decimal Classification
Koha item type Books
Holdings
Date last seen Total checkouts Full call number Barcode Cost, replacement price Price effective from Koha item type Lost status Source of classification or shelving scheme Damaged status Not for loan Withdrawn status Home library Current library Shelving location Date acquired Cost, normal purchase price
06/28/2025   657 LAR DOM0000369 30000.00 04/10/2025 Books   Dewey Decimal Classification       CBE Dodoma CBE Dodoma General Collection 08/19/1992 10000.00
06/28/2025   657WIL DOM000230 30000.00 06/28/2025 Books   Dewey Decimal Classification       CBE Dodoma CBE Dodoma General Collection 08/19/1992 10000.00
04/10/2025   657 LAR 0000005041 30000.00 04/10/2025 Books   Dewey Decimal Classification       College of Business Education Main Library College of Business Education Main Library General Collection 08/19/1992 10000.00
04/10/2025   657 LAR 0000005042 30000.00 04/10/2025 Books   Dewey Decimal Classification       College of Business Education Main Library College of Business Education Main Library General Collection 08/19/1992 10000.00
04/10/2025   657 LAR 0000005043 30000.00 04/10/2025 Books   Dewey Decimal Classification       College of Business Education Main Library College of Business Education Main Library General Collection 08/19/1992 10000.00
04/10/2025   657 LAR 0000005044 30000.00 04/10/2025 Books   Dewey Decimal Classification       College of Business Education Main Library College of Business Education Main Library General Collection 08/19/1992 10000.00